Statistiques concernant Pays dans des cercles aléatoires sur la carte du monde

Cliquez ici pour prendre le quiz!

Statistiques générales

  • Ce quiz a été pris 36 785 fois
  • Le résultat moyen est 8 sur 12

Statistiques - réponses

Réponse% Correct
Algérie | Espagne | Maroc | Portugal
94%
Algérie | Espagne | Mali | Maroc | Mauritanie
93%
Finlande | Norvège |
Russie | Suède
93%
Albanie | Bulgarie | Grèce | Macédoine du Nord | Turquie
91%
Allemagne | Belgique | France | Luxembourg | Pays-Bas | Royaume-Uni
91%
Brésil | France | Guyana | Suriname | Venezuela
89%
Italie | Malte | Tunisie
89%
Chine | Corée du Nord | Japon | Russie
88%
Colombie | Costa Rica | Panama
87%
Australie | Indonésie | Papouasie-Nouvelle-Guinée
86%
Biélorussie | Estonie | Lettonie | Lituanie | Pologne | Russie
86%
Allemagne | Autriche | France | Italie | Liechtenstein | Suisse
85%
Comores | France | Madagascar | Maurice
85%
Inde | Maldives | Sri Lanka
85%
Bénin | Côte d'Ivoire | Ghana | Nigeria | Togo
84%
Irlande | Royaume-Uni
84%
Allemagne | Danemark | Norvège | Suède
82%
Gambie | Guinée | Guinée-Bissau | Sénégal
81%
Arabie Saoudite | Bahreïn | Émirats arabes unis | Iran | Oman | Qatar
74%
Bahamas | Cuba | Haïti | Jamaïque | République dominicaine
74%
Bosnie-Herzégovine | Croatie | Italie | Saint-Marin | Vatican
74%
Bolivie | Brésil | Chili | Pérou
73%
Djibouti | Érythrée | Éthiopie | Somalie | Yémen
73%
Arménie | Azerbaïdjan | Géorgie | Iran | Russie | Turquie
72%
Arabie Saoudite | Oman | Somalie | Yémen
71%
Égypte | Libye | Soudan | Tchad
71%
Angola | Botswana | Namibie | Zambie | Zimbabwe
70%
Bulgarie | Moldavie | Roumanie | Russie | Ukraine
69%
Chine | Philippines | Taïwan
68%
Bahamas | Cuba | États-Unis
66%
Brésil | Colombie | Équateur | Pérou
66%
Brunei | Indonésie | Malaisie | Philippines
66%
Bangladesh | Bhoutan | Chine | Inde | Népal
65%
Arabie Saoudite | Irak |
Iran | Koweït
64%
Cambodge | Laos | Thaïlande | Viêt Nam
64%
Comores | Malawi | Mozambique | Tanzanie
63%
Cameroun | Gabon | Guinée équatoriale | Sao Tomé-et-Principe
62%
Costa Rica | Honduras | Nicaragua
62%
Afrique du Sud | Botswana | Eswatini | Mozambique | Zimbabwe
60%
Burundi | Kenya | Ouganda | Rép. dém. du Congo | Rwanda | Tanzanie
60%
Canada | États-Unis
60%
Chine | Kazakhstan | Mongolie | Russie
60%
Chine | Kazakhstan | Kirghizistan | Ouzbékistan | Tadjikistan
57%
Cuba | Mexique | États-Unis
57%
Afghanistan | Inde | Iran | Pakistan
56%
Fidji | Samoa | Tonga
49%
Kazakhstan | Russie | Ukraine
49%
France | Salomon | Vanuatu
48%
Belize | Guatemala | Mexique
43%
Argentine | Bolivie | Brésil | Paraguay
40%
Birmanie | Chine | Laos | Thaïlande | Viêt Nam
38%
Kenya | Ouganda | Tanzanie
38%
Hongrie | Pologne | Roumanie | Slovaquie | Ukraine
35%
Chine | Viêt Nam
34%
Indonésie | Malaisie | Singapour
31%
Éthiopie | République Centrafricaine | Soudan | Soudan du Sud
30%
Grenade | Trinité-et-Tobago | Venezuela
26%
Belize | Guatemala | Honduras | Salvador
20%

Distribution des résultats

Percentile par nombre de réponses

% des personnes avec chaque résultat

Votre développement - résultats

Vous n’avez pas pris ce quiz